000 00578nam a2200181Ia 4500
003 GCL
008 140319s9999 xx 000 0 ara d
040 _aGCL /
_cGCL
082 0 4 _a813.03
_bا م
100 1 _aادوار الخراط
245 1 0 _aمخلوقات الاشواق الطائرة ومحطة السكة الحديد (هدية من الاديب عبدالفتاح الجمل) /
_cادوار الخراط
300 _a160 ص
490 _a
650 0 4 _aالادب العربى
650 0 4 _aالقصص العربية
650 0 4 _aالقصة
942 _2ddc
_cBK
999 _c38126
_d38126